000 00666nam a22002177a 4500
007 00
008 170227b xxu||||| |||| 00| 0 eng d
020 _a978-2-10-051184-6
040 _aBUAC
_cBUC
041 _aFre.
100 _aFOSSET, Bruno
_923261
245 _aChimie 1re année PCSI :
_bExercices et problèmes corrigés
_c/ par Bruno Fosset, Jean-Bernard Baudin, Frédéric Lahitète
260 _aParis :
_bDunod ,
_c2007.
300 _aVII-363 p.
_c24 cm.
_bcouv. en coul. ;
440 _a(J'intègre)
630 _aSCIENCES EXACTES
650 _aChimie
700 _aBAUDIN, Jean-Bernard
700 _aLAHITETE, Frédéric
942 _cLBA
999 _c55998
_d55998